000
00200 a2200097 4500
001
19745
100
_a
Kazi,M H
245
_a
First course on vectors
260
_a
_b
W P P C
_c
090
_c
14380
_d
14380
942
_a
NUST-CAE
_c
M
_c
4870
999
_c
254818
_d
254818